Los años locos : 1921-1929 /

Guardado en:
Autor Corporativo: Clarín.
Formato: Deslizar
Series:Enciclopedia visual del siglo
Materias:
Etiquetas: Agregar Etiqueta
Sin Etiquetas, Sea el primero en etiquetar este registro!
LEADER 01073ngm a22002895g 4500
001 CEM.cems022770
008 130507b2005##################0###0#####d
005 20241115163244.0
245 1 0 |a Los años locos :  |b 1921-1929 /  |c Clarín. 
300 |a 58'. 
490 0 |a Enciclopedia visual del siglo 
500 |a En soporte VHS, consultar en ventanilla. 
505 0 |a Juegos olímpicos. Fascismo y nacionalsocialismo. La mafia de Chicago. El Ku Klux Klan. Irigoyen y Alvear. La pelea del siglo. El cine mudo. Descubrimiento de la penicilina. Wall Street y el crack del '29. 
538 |a Soporte: VHS - Norma: Pal N - Color: Si - Grabación DRD 2005 - Hitachi=0000 
110 2 |a Clarín. 
082 9 4 |/ CLA-2 
653 |a HISTORIA 
653 |a HISTORIA UNIVERSAL 
653 |a HISTORIA CONTEMPORANEA 
653 |a JUEGOS OLIMPICOS 
653 |a FASCISMO 
653 |a CHICAGO 
653 |a KU KLUX KLAN 
653 |a WALL STREET 
653 |a NIVEL PRIMARIO 
653 |a NIVEL SECUNDARIO 
859 |a CEMS  |b BIB. CEMS - Depto. Recursos Didacticos  |h 940  |i CLA-2  |k DRD  |p 1413.12  |t Ej.1